| 000 | 00617nam a2200181Ia 4500 | ||
|---|---|---|---|
| 008 | 100920s9999 xx 000 0 und d | ||
| 082 |
_b29490 _a51 थ 75 |
||
| 100 | _aगोडबोले श्या. वि. | ||
| 245 | _aविश्वाचे अलंकार. | ||
| 260 |
_bअनिरुध्द साहित्य, पुणे. _c1975 |
||
| 300 |
_a104 _bसाधी |
||
| 365 | _b5.5 | ||
| 520 | _aचरित्र. | ||
| 630 | _aविश्वाचे अलंकार. | ||
| 650 | _aचरित्र. | ||
| 730 | _aविश्वाचे अलंकार. | ||
| 942 | _cBOOK | ||
| 999 |
_c685219 _d685216 |
||